000 00855nam a2200277 i 4500
001 C2-0329370
003 PPAK
005 20180728130443.0
008 141217s2008 my a|||| ||||| | may d
020 _a9789833117185 ; 9789833117185
040 _aPPAK
_beng
_cPPAK
_erda
082 0 4 _a499.2386
_223
090 0 0 _a499.2386
_bFAR
_dK
100 0 _aFaridah Hashim,
_eauthor
245 1 0 _aBergelut dengan peragut
264 1 _aSeremban, Negeri Sembilan :
_bPustaka Seremban ,
_c2008
300 _a44 pages :
_bcolour illustrations ;
_c19 cm
336 _2rdacontent
_atext
337 _2rdamedia
_aunmediated
338 _2rdacarrier
_avolume
490 1 _aSiri utamakan keselamatan diri
500 _aIncludes questions ; Includes glossary
650 1 0 _aMalay language - Readers.
830 0 _aSiri utamakan keselamatan diri
942 _ddc
_cB
999 _c128610
_d128610